|
|
|
|
| LEADER |
00000nam a22000007a 4500 |
| 005 |
20150811012225.0 |
| 007 |
cr|||| |||| |
| 008 |
150811s2015 br |||||s|||| 00||0 por d |
| 020 |
|
|
|a 978-85-361-8269-8
|
| 035 |
|
|
|a 12783
|
| 040 |
|
|
|a vLex
|
| 090 |
|
|
|c 5517
|d 5517
|
| 100 |
1 |
|
|a Novaes Martinez, Wladimir
|
| 245 |
1 |
0 |
|a Princp̕ios de direito previdencir̀io 2015
|h [Recurso electrn̤ico] /
|c Wladimir Novaes Martinez
|
| 256 |
|
|
|a Servicio en ln̕ea
|
| 260 |
|
|
|a San Pablo:
|b LTR Editora,
|c 2015
|
| 300 |
|
|
|a 1 recurso electrn̤ico
|
| 500 |
|
|
|a Em sua 6® ediȯ̂ este “Princp̕ios de Direito Previdencir̀io” constitui o mais enciclopďico estudo sobre a previdn̊cia social publicado no Brasil. Partindo de postulados, preceitos, comandos e normas consagradas, num esforȯ m̕par, o Prof. Wladimir Novaes Martinez cuidou dos fundamentos tčnicos e jurd̕icos de seguro social, apresentando os seus princp̕ios. Trata-se de bem sucedida, primeira e feliz abordagem do tema, uma demonstraȯ̂ de cunho prt̀ico, objetivando a soluȯ̂ de casos concretos, da sua extraordinr̀ia utilidade para os profissionais do Direito e da r̀ea de Recursos Humanos das empresas. Por intermďio dos princp̕ios desmistificados e posicionados no ordenamento jurd̕ico — individualizados e eviscerados ̉exaustô —, este ensaio repassa praticamente toda a teoria do Direito Previdencir̀io e ministra distinė̳s elementares e valiosas informaė̳s para o aplicador e intřprete da legislaȯ̂ previdencir̀ia. Possivelmente, tentativa n︢ica no gn̊ero e instrumento de consulta fc̀il, tal a sistematizaȯ̂ adotada e a descriȯ̂ dos institutos enfocados. O simples exame do seu n̕dice revela ao leitor o conted︢o da exposiȯ̂ e sua importńcia no dia a adia. Destina-se aos estudiosos da previdn̊cia social em geral, aos professores, magistrados, advogados, estudantes e servidores. Este livro enriquece a bibliografia nacional pela oportunidade, clareza de apresentaȯ̂ e didt̀ica, com a necessr̀ia e desejv̀el atualidade, em face das ECs n. 20/98, 41/03, 47/05 e 72/02 e das leis subsequentes que disciplinaram a chamada reforma da previdn̊cia social, bs̀ica e supletiva.
|
| 506 |
1 |
|
|a Disponible solo en los productos indicados
|d vLex Global
|d vLex Global (Academic Edition, excluding Law Schools)
|d vLex Global (U.S. Academic Edition, Law Schools)
|d vLex Global (U.S. Academic Edition, excluding Law Schools)
|d vLex Global (Academic Edition, Law Schools)
|
| 650 |
0 |
4 |
|a Derecho Laboral y Seguridad Social
|z Brasil
|
| 740 |
0 |
|
|a vLex Libros (Servicio en ln̕ea)
|
| 856 |
4 |
0 |
|u http://vlex.com/source/principios-de-direito-previdenciario-2015-12783
|z Acceso restringido
|
| 942 |
|
|
|c BOOK
|
| 999 |
0 |
|
|a Labor and Social Security
|